| 000 | 02353nam0a2200397 4500 | ||
|---|---|---|---|
| 001 | RU\NLR\BIBL_A\022821466 | ||
| 005 | 20260628205937.0 | ||
| 010 |
_a978-5-7422-9193-0 _9500 |
||
| 035 | _a(NLR Aleph) 022821466 | ||
| 090 |
_a13744820 _c13744820 |
||
| 100 | _a20260529d2025 k y0rusy50 ca | ||
| 101 | 0 | _arus | |
| 102 | _aRU | ||
| 105 | _aab z 000yy | ||
| 181 | 0 |
_ai3 _baxxe |
|
| 182 | 0 | _an | |
| 200 | 1 |
_aИнновационные подходы в градостроительстве: наука, практика, образование. Коллективная монография _eколлективная монография _fМ. В. Шубенков, С. Д. Митягин, П. П. Спирин [и др.] _gМинистерство строительства и жилищно-коммунального хозяйства Российской Федерации, Российская академия архитектуры и строительных наук [и др.] |
|
| 203 |
_aТекст _bвизуальный _cнепосредственный |
||
| 210 |
_aСанкт-Петербург _cПолитех-Пресс _cCанкт-Петербургский политехнический университет Петра Великого _d2025 |
||
| 215 |
_a669 с. _cил., цв. ил., карты, табл. _d25 |
||
| 300 | _aАвт. указаны на обороте тит. л. | ||
| 320 | _aБиблиогр. в конце разделов и в подстроч. примеч. | ||
| 606 | 1 |
_aГорода _xПланировка и строительство _yРоссийская Федерация _92101931 _3RU\NLR\AUTH\661271131 |
|
| 606 | 1 |
_aТерриториальное планирование _91372955 _3RU\NLR\AUTH\66261640 |
|
| 686 | 1 | _aХ621.148.4 | |
| 686 | 1 | _aУ23(0)8 | |
| 686 | 1 | _aЩ118.2 | |
| 701 | 1 |
_aШубенков _bМ. В. _gМихаил Валерьевич |
|
| 701 | 1 |
_aМитягин _bС. Д. _gСергей Дмитриевич |
|
| 701 | 1 |
_aСпирин _bП. П. _gПавел Павлович |
|
| 712 | 0 | 2 |
_4570 _aРоссийская академия архитектуры и строительных наук _9378196 _3RU\NLR\AUTH\889941681 |
| 942 | _cBOOK | ||
| 980 | _aNB | ||